000 00400pam a2200169 a 4500
020 _a0-517-06502-9
_c
041 _h
082 _a641.5
100 _aSCHERRY P
_eAuthor
245 _aBEST RECIPES FROM TIME LIFE BOOKS
_cSCHERRY P
_hTextual Documents
250 _a1st
260 _aNew york
_bwings Books
300 _a351
653 _aFood Producation
700 _eCo-Author
930 _a406
999 _c243033
_d243033